000 00456nam a2200181Ia 4500
001 14724
005 20260306164935.0
008 260306t1979||||xx |||||||||||||| ||spa||
041 _aESP
082 _a516.6
_bD61M T. 2
100 _aDeskrép, C. L.
_eAUT
245 0 _aManual de geometría descriptiva:
_bcurso superior moderno
260 _c1979
300 _a333 páginas :
_c24 cm.
650 _aGEN
654 _aCMA
942 _cLIB
_dJUS
_fJUS
_2ddc
_n
999 _c14724
_d14724